Μουσική ήχος [και] τόπος : τα κείμενα

Αποθηκεύτηκε σε:
Λεπτομέρειες βιβλιογραφικής εγγραφής
Συγγραφή απο Οργανισμό/Αρχή: Τεχνολογικό Εκπαιδευτικό Ίδρυμα Ηπείρου. Τμήμα Λαϊκής και Παραδοσιακής Μουσικής
Μορφή: Βιβλίο
Γλώσσα:Greek
Δημοσίευση: Άρτα : ΤΕΙ Ηπείρου. Τμήμα Λαϊκής και Παραδοσιακής Μουσικής, 2006.
Σειρά:Τετράδια (ΤΕΙ Ηπείρου) ; 1
Θέματα:
Ετικέτες: Προσθήκη ετικέτας
Δεν υπάρχουν, Καταχωρήστε ετικέτα πρώτοι!

MARC

LEADER 00000cam a2200000 i 4500
001 1/40152
008 070119s2006 gr | ||| |||| ||gre||
020 |a 9608932300 
035 |l 10086762 
040 |a GR-MY-UA  |b gre  |e aacr 
041 0 |a gre 
082 7 |a 780.26   |2 (22) 
110 2 |a Τεχνολογικό Εκπαιδευτικό Ίδρυμα Ηπείρου.  |b Τμήμα Λαϊκής και Παραδοσιακής Μουσικής. 
245 1 0 |a Μουσική ήχος [και] τόπος :   |b τα κείμενα /   |c ΤΕΙ Ηπείρου. Τμήμα Λαϊκής και Παραδοσιακής Μουσικής 
260 |a Άρτα :   |b ΤΕΙ Ηπείρου. Τμήμα Λαϊκής και Παραδοσιακής Μουσικής,   |c 2006.  
300 |a 128 σ.;  |c 23 εκ. 
490 1 |a (Τετράδια / ΤΕΙ Ηπείρου ;   |v  1) 
504 |a Περιλαμβάνει βιβλιογραφίες.  
650 0 0 |a Musicology. 
650 0 0 |a Music. 
650 0 0 |a Music  |z Aegean Islands (Greece and Turkey) 
650 0 0 |a Music  |x Social aspects  |z Greece. 
830 0 |a Τετράδια (ΤΕΙ Ηπείρου)  |v  ; 1 
852 |a INST  |b LESVOS  |e 20100504  |h 780.26 ΤΕΧ  |p 005100047116  |q 005100047116  |t BK  |y 0 
852 |a INST  |b RHODES  |e 20070119  |h 780.26 ΤΕΧ  |p 005400027131  |q 005400027131  |t BK  |y 0 
852 |a INST  |b RHODES  |e 20070119  |h 780.26 ΤΕΧ  |p 005400027132  |q 005400027132  |t BK  |y 0 
852 |a INST  |b RHODES  |e 20070119  |h 780.26 ΤΕΧ  |p 005400027133  |q 005400027133  |t BK  |y 0 
901 |a BIBL4-2007-1 
901 |a BIBL1-2010-2 
909 |a Ρ  |b 127556 
909 |a Ρ  |b 127558 
909 |a Ρ  |b 127557 
909 |a Λ  |b 163187 
920 |a ΤΕΙ ΗΠΕΙΡΟΥ  |b ΤΜΗΜΑ ΛΑΙΚΗΣ & ΠΑΡΑΔΟΣΙΑΚΗΣ ΜΟΥΣΙΚΗΣ  |y Ρόδος  |z 2007-01 
920 |a ΤΕΙ ΗΠΕΙΡΟΥ  |y Λέσβος  |z 2009-05 
970 |a ΜΙΣΣΟΣ  |b ΣΤΑΥΡΟΣ  |z 2007/01/19